1703 1265 1699 1579 1332 1035 1711 1539 1657 1474 1792 1663 1333 1645 1778 1348 1916 1032 1228 1534 1217 1457 1717 1201 1433 1522 1112 1619 1098 1543 1700 1356 1505 1230 1999 1293 1334 1143 1746 1424 1021 1403 1129 1580 1286 1103 1014 1602 1848 1252 1596 1062 1296 1981 1552 1220 1350 1707 1645 1707 1410 1917 1270 1945 1349 1965 1744 1876 1233 1081 1260 1358 1924 1089 1352 1499 1608 1187 1934 1998 1330 1228 1990 1113 1961 1007 1496 1831 1431 1989 1718 1546 1904 1204 1867 1119 1163 1270 1452 BCNSPRNW ULIB Ver.6.0+V

เปลี่ยนเป็นภาษาไทย

Change to English
 แสดงรายละเอียดบรรณานุกรม
  กลับหน้าหลัก

Brief Record : Get Marc (ISO 2709) : E-mail record : QR code < ปิดหน้าต่าง
LEADER : 00000nam a2200000Ia 4500
001    13399125438
003     ULIB
008    161101s2559 th a b 000 0 tha d
020    ^a9786167829647
040    ^anss
060 04 ^aWC100^bก528
245 00 ^aการสื่อสารด้านโรคติดเชื้อและวัคซีน /^cศูนย์ฝึกอบรมทักษะการสื่อสารฝ่ายกุมารเวชศาสตร์ โรงพยาบาลจุฬาลงกรณ์ ; บรรณาธิการและผู้นิพนธ์,ชิษณุ พันธุ์เจริญ
250    ^aพิมพ์ครั้งที่ 1
260    ^aกรุงเทพฯ :^bศูนย์ฝึกอบรมทักษะการสื่อสาร ฝ่ายกุมารเวชศาสตร์โรงพยาบาลจุฬาลงกรณ์,^c2559
300    ^a308 หน้า :^bภาพประกอบ ;^c21 ซม.
650  4 ^aการสื่อสาร
650  4 ^aการสื่อสารกับผู้ป่วย
650  4 ^aการสื่อสารทางการแพทย์
650  4 ^aโรคติดเชื้อ^xการรักษา
650  4 ^aโรคติดเชื้อ^xการป้องกันและควบคุม
700 0  ^aชิษณุ พันธุ์เจริญ,^eบรรณาธิการ
710 2  ^aโรงพยาบาลจุฬาลงกรณ์.^bฝ่ายกุมารเวชศาสตร์.^bศูนย์ฝึกอบรมทักษะการสื่อสาร
945    ^p220^l0^i24996
945    ^p220^l0^i24997
945    ^p220^l0^i24998
945    ^p220^l0^i24999
995    ^aกัณชพร
999    ^aกัณชพร
รายการนี้ยังไม่มีแท็ก
คุณยังไม่ได้ล็อกอิน คุณสามารถมีกิจกรรมร่วมกับเว็บไซต์ได้ แต่ต้องล็อกอินก่อน ::
  ล็อกอิน

รายการสื่อสารสนเทศ

ลำดับที่ ประเภท เลขเรียก/บาร์โค้ด สถานที่ สถานะ
1. หนังสือสำรอง
หนังสือสำรอง
WC100 ก528 ฉ.1 
  Barcode: 24996
ห้องสมุดวิทยาเขตนครสวรรค์
►หนังสือทั่วไป:l:General Books
บนชั้น
2. วิทยาศาสตร์การแพทย์ และสุขภาพ
วิทยาศาสตร์การแพทย์ และสุขภาพ
WC100 ก528 ฉ.2 
  Barcode: 24997
ห้องสมุดวิทยาเขตนครสวรรค์
►หนังสือทั่วไป:l:General Books
บนชั้น
3. วิทยาศาสตร์การแพทย์ และสุขภาพ
วิทยาศาสตร์การแพทย์ และสุขภาพ
WC100 ก528 ฉ.3 
  Barcode: 24998
ห้องสมุดวิทยาเขตนครสวรรค์
►หนังสือทั่วไป:l:General Books
บนชั้น
4. วิทยาศาสตร์การแพทย์ และสุขภาพ
วิทยาศาสตร์การแพทย์ และสุขภาพ
WC100 ก528 ฉ.4 
  Barcode: 24999
ห้องสมุดวิทยาเขตนครสวรรค์
►หนังสือทั่วไป:l:General Books
บนชั้น

รายการใกล้เคียง
    หัวเรื่อง [การสื่อสาร]
    หัวเรื่อง [การสื่อสารกับผู้ป่วย]
    หัวเรื่อง [การสื่อสารทางการแพทย์]

BibComment


ยังไม่เคยถูกคอมเมนท์

คอมเมนท์ทรัพยากรรายการนี้
  คอมเมนท์: การสื่อสารด้านโร..


 Copyright 2026. Bcnsprnw @Library